000 00312nam a2200121Ia 4500
008 191206s9999 xx 000 0 und d
090 _aPR9390.9
245 0 _aComing of the dry season
260 _aOxford University Press
260 _bNew fiction from Africa series
260 _cc1972
300 _a60 p. 19 cm.
999 _c15708
_d15708